| 000 | 01690nam0a2200373 4500 | ||
|---|---|---|---|
| 001 | RU\NLR\bibl\1869846 | ||
| 005 | 20250616185936.0 | ||
| 010 |
_a978-5-8386-0145-2 _9500 |
||
| 021 |
_aRU _b2012-4637 _9336 |
||
| 035 | _a(NLR Aleph) 001859697 | ||
| 090 |
_a2514395 _c2514395 |
||
| 100 | _a20120215d2011 |||y0rusy50 ca | ||
| 101 | 0 | _arus | |
| 102 | _aRU | ||
| 105 | _aa ||||||||| | ||
| 200 | 1 |
_aИнновационные стратегии развития экономики и роль налогов в их реализации _eмонография _fТ.В. Феоктистова _gГос. образоват. учреждение высш. проф. образования-Всерос. заоч. фин.-экон. ин-т, Фил. в г. Курске |
|
| 210 |
_aКурск _cКурская городская типография _d2011 |
||
| 215 |
_a421 с. _cил. _d21 |
||
| 300 | _aНа 4-й с. обл. авт.: Феоктистова Т.В., к.э.н., доц. | ||
| 320 | _aБиблиогр. в подстроч. примеч. | ||
| 606 | 1 |
_aНалоговое обложение _yРоссийская Федерация _92081365 _3RU\NLR\auth\661257343 |
|
| 606 | 1 |
_aИнновационная деятельность _yРоссийская Федерация _92101842 _3RU\NLR\auth\661271084 |
|
| 686 | _aУ26(2)141.3 | ||
| 686 | _aУ9(2)-55(2Р) | ||
| 686 | _aХ621.152 | ||
| 686 | _aХ622.2 | ||
| 700 | 1 |
_aФеоктистова _bТ. В. _gТатьяна Викторовна _4070 |
|
| 801 | 0 |
_aRU _bNLR _c20120215 _gRCR |
|
| 801 | 1 |
_aRU _bNLR _c20120215 |
|
| 830 | _aавт. по кн. | ||
| 942 | _cBOOK | ||
| 980 | _aNB | ||
| 980 | _aNBR | ||